| 000 | 00937nam a2200253Ia 4500 | ||
|---|---|---|---|
| 003 | OSt | ||
| 005 | 20220923224632.0 | ||
| 006 | a|||||r|||| 00| 0 | ||
| 007 | ta | ||
| 008 | 220922b |||||||| |||| 00| 0 hin d | ||
| 024 | _a248,496 | ||
| 037 | _cTextual | ||
| 040 |
_aARTS _cARTS _bhin |
||
| 041 |
_2hin _ahin |
||
| 082 | _aO142,3M25,1, 152K5 | ||
| 100 | _aप्रिबीत्कोव, व्लादीमिर | ||
| 245 | 0 | _aअफ़नासी निकीतिन की भारत - यात्रा | |
| 246 | _aAफ़nāsī nikītin kī bhārat - yātrā | ||
| 260 |
_aमास्को _b विदेशी भाषा प्रकाशन गृह _c1965 |
||
| 300 |
_a605पृ. _ccm. |
||
| 650 | _aरशियन साहित्य | ||
| 942 |
_hO142,3M25,1, 152K5 _cTEXL _2CC |
||
| 999 |
_c372677 _d372677 |
||